000
00254nam a2200109Ia 4500
008
190907s9999||||xx |||||||||||||| ||und||
100
_a
Copi,Irving M.
245
0
_a
Introduction to Logic
260
_a
India
_b
Macmillan
_c
1994
300
_a
729
942
_c
BK
999
_c
6476
_d
6476